000 004610000a22001810004500
020 _a0-8407-7455-9
041 0 _aENG
082 0 4 _aG 616.85 M6652o
100 1 _aMinirth, Frank B.
245 1 0 _aLove hunger / Frank Minirth [et. al.]
260 _aNashville, TN., USA : Thomas Nelson
300 _a336 Pag
001 10464
942 _cBK
999 _c40015
_d40015
336 _atexto
_btxt
_2rdacontent
337 _2rdamedia
_asin mediación
_bn
338 _2rdacarrier
_avolumen
_bnc